000 00805nam a2200241Ia 4500
003 OSt
005 20220928120026.0
006 a|||||r|||| 00| 0
007 ta
008 220927b |||||||| |||| 00| 0 eng d
020 _c475
024 _a105635
037 _b3666, 11/01/2010, Bookwell Publications
_cReports / Technical Reports
040 _aSDCL
_cSDCL
_beng
041 _2eng
_aeng
082 _aX:78.43'N98t, P9 RR
245 0 _aHUMAN DEVELOPMENT in South Asia 2008
_b Technology and human development in South Asia.
260 _aOxford
_bOxford University Press
_c2009
300 _axii, 156p
_ccm.
650 _aReference
942 _hX:78.43'N98t, P9 RR
_cREP
_2CC
999 _c761953
_d761953